000 00430nam a2200181Ia 4500
001 4026
005 20260306145726.0
008 260306t2011||||xx |||||||||||||| ||spa||
041 _aESP
082 _a306.6
_bC246
100 _aCipriani, Roberto
_eAUT
245 0 _aManual de sociología de la religión
260 _c2011
300 _a443 páginas :
_c21 cm.
650 _aGEN
654 _aCHU
942 _cLIB
_dJUS
_fJUS
_2ddc
_n
999 _c4026
_d4026